ბათუმის შოთა რუსთაველის სახელმწიფო უნივერსიტეტის ბიბლიოთეკა

ვეფხის ტყაოსანი:ვახტანგისეული გამოცემა 1712 წლისაა (ბიბ.ჩანაწერი № 43255)

000 -LEADER
fixed length control field 00975nam a2200241Ia 4500
001 - CONTROL NUMBER
control field 9982
003 - CONTROL NUMBER IDENTIFIER
control field GE_BSU
008 - FIXED-LENGTH DATA ELEMENTS--GENERAL INFORMATION
fixed length control field 181216s||||||||xx |||||||||||||| ||und||
040 ## - CATALOGING SOURCE
Transcribing agency GE_BSU
080 ## - UNIVERSAL DECIMAL CLASSIFICATION NUMBER
Universal Decimal Classification number 821.353.1–1
100 ## - MAIN ENTRY--PERSONAL NAME
Personal name რუსთაველი,შოთა
245 ## - TITLE STATEMENT
Title ვეფხის ტყაოსანი:ვახტანგისეული გამოცემა 1712 წლისაა
245 ## - TITLE STATEMENT
Statement of responsibility, etc. აღმდგ.და წინასიტყვ.ავტორი ა.შანიძე
260 ## - PUBLICATION, DISTRIBUTION, ETC.
Place of publication, distribution, etc. ტფილისი
260 ## - PUBLICATION, DISTRIBUTION, ETC.
Name of publisher, distributor, etc. სახუნტის გამ–ბა
260 ## - PUBLICATION, DISTRIBUTION, ETC.
Date of publication, distribution, etc. 1937
300 ## - PHYSICAL DESCRIPTION
Extent 412გვ.პორტრ.29სმ.
300 ## - PHYSICAL DESCRIPTION
Accompanying material დანართი გვ.343-409
520 ## - SUMMARY, ETC.
Summary, etc. დამატებითი თავფურც.რუსულ–ფრანგულ ენებზე
653 ## - INDEX TERM--UNCONTROLLED
Uncontrolled term ვეფხის ტყაოსანი
653 ## - INDEX TERM--UNCONTROLLED
Uncontrolled term პოემა
942 ## - ADDED ENTRY ELEMENTS (KOHA)
Koha item type წიგნი
ეგზემპლარები
Withdrawn status Lost status Damaged status Not for loan Date acquired Barcode Date last seen Price effective from Koha item type
        2018-12-17 33421 2018-12-17 2018-12-17 წიგნი
        2018-12-17 33422 2018-12-17 2018-12-17 წიგნი
        2018-12-17 33423 2018-12-17 2018-12-17 წიგნი
        2018-12-17 33424 2018-12-17 2018-12-17 წიგნი